Państwa Europy graniczące z państwami na literę N (z mapą) - Statystyki

Ogólne statystyki
  • Ten quiz został rozwiązany 61 razy
  • Średni wynik to 12 z 12
Odpowiedzi na mapie
Odpowiedzi zakodowano w zielono-czerwonej skali na mapie do tego quizu, zgodnie z poniższymi procentami.
 
Statystyki odpowiedzi
Państwo % Poprawnych
Dania
98%
Austria
96%
Belgia
96%
Czechy
96%
Finlandia
96%
Francja
96%
Holandia
96%
Polska
96%
Rosja
96%
Szwajcaria
96%
Szwecja
96%
Luksemburg
93%
Nie znaleziono quizów pasujących do podanych kryteriów
Rozkład punktacji
Procent ludzi z każdym wynikiem
Percentyl według liczby udzielonych odpowiedzi
Twoja historia wyników
Nie rozwiązałeś tego quizu